Central Library OPAC University of Rajshahi

Organic reactions and reagents / (Record no. 70894)

MARC details
000 -LEADER
fixed length control field 00772nam a2200253 a 4500
001 - CONTROL NUMBER
control field 70894
003 - CONTROL NUMBER IDENTIFIER
rucl marc code BD-RjUL
005 - DATE AND TIME OF LATEST TRANSACTION
control field 20211209082042.0
008 - FIXED-LENGTH DATA ELEMENTS--GENERAL INFORMATION
fixed length control field 170422s1991 ii a|||| b||| 001 0 eng d
035 ## - SYSTEM CONTROL NUMBER
System control number (BD-RjUL)71108
040 ## - CATALOGING SOURCE
Original cataloging agency BD-RjUL
Language of cataloging eng
Transcribing agency BD-RjUL
Modifying agency BD-RjUL
041 ## - LANGUAGE CODE
Language code of text/sound track or separate title eng
082 ## - DEWEY DECIMAL CLASSIFICATION NUMBER
Edition number 23
Classification number 541.39
Author mark and year GUO 1991
100 ## - MAIN ENTRY--PERSONAL NAME
Personal name Gurtu, J. N.
9 (RLIN) 209809
245 10 - TITLE STATEMENT
Title Organic reactions and reagents /
Statement of responsibility, etc. J. N. Gurtu and R. Kapoor
250 ## - EDITION STATEMENT
Edition statement 2nd ed.
260 ## - PUBLICATION, DISTRIBUTION, ETC. (IMPRINT)
Place of publication, distribution, etc. New Delhi :
Name of publisher, distributor, etc. S. Chand & company Ltd.,
Date of publication, distribution, etc. 1991
300 ## - PHYSICAL DESCRIPTION
Pagination viii, 568 p. :
Illustrations ill. ;
Size 23 cm
504 ## - BIBLIOGRAPHY, ETC. NOTE
Bibliography, etc Includes bibliographical references and index
650 ## - SUBJECT ADDED ENTRY--TOPICAL TERM
Topical term or geographic name as entry element Chemical reactions.
9 (RLIN) 209810
Topical term or geographic name as entry element Chemical tests and reagents.
9 (RLIN) 209811
700 ## - ADDED ENTRY--PERSONAL NAME
Personal name Kapoor, R.
942 ## - ADDED ENTRY ELEMENTS (KOHA)
Source of classification or shelving scheme Dewey Decimal Classification
Koha item type Books
Holdings
Lost status Source of classification or shelving scheme Damaged status Not for loan Collection code Permanent Location Current Location Shelving location Date acquired Source of acquisition Cost, normal purchase price Total Checkouts Full call number Date last seen Copy number Koha item type
  Dewey Decimal Classification   Not For Loan Non-fiction Central Library, University of Rajshahi Central Library, University of Rajshahi Reading Room 27/09/1995 Modern book centre 27.50   541.39 GUO 1991 22/04/2017 C-1 Books